2020 Oscar Best Actor and Actress Nominees - Statistics

General Stats
  • This quiz has been taken 292 times
  • The average score is 13 of 19
Answer Stats
Movie Actor or Actress % Correct
Joker Joaquin Phoenix
96%
Once Upon a Time in Hollywood Brad Pitt
93%
Once Upon a Time in Hollywood Leonardo DiCaprio
91%
Marriage Story, Jojo Rabbit Scarlett Johansson
84%
Marriage Story Adam Driver
80%
Judy Renée Zellweger
79%
The Irishman Al Pacino
75%
Little Women Saoirse Ronan
73%
The Irishman Joe Pesci
70%
Bombshell Margot Robbie
70%
The Two Popes Anthony Hopkins
68%
A Beautiful Day in the Neighborhood Tom Hanks
65%
Marriage Story Laura Dern
64%
Bombshell Charlize Theron
61%
Little Women Florence Pugh
58%
The Two Popes Jonathan Pryce
46%
Pain and Glory Antonio Banderas
45%
Richard Jewel Kathy Bates
38%
Harriet Cynthia Erivo
37%
No matching quizzes found
Score Distribution
Percent of People with Each Score
Percentile by Number Answered
Your Score History
You have not taken this quiz